000 00413nam a2200169Ia 4500
003 0100
008 130303s9999 xx 000 0 und d
040 _cARRUPELIB
050 _aJA84.C6T26 1971
100 _aTan, Chester C
245 _aChinese Political Thought in the Twentieth Century
260 _aNY
260 _bDoubleday Company Inc-Anchor Books
260 _C1971
300 _a390p
942 0 0 _01
999 _c32412
_d32412